100 great nineteenth century lives / (Record no. 165159)

MARC details
000 -LEADER
fixed length control field 00793nam a22002657a 4500
003 - CONTROL NUMBER IDENTIFIER
control field dpl
005 - DATE AND TIME OF LATEST TRANSACTION
control field 20190610162332.0
008 - FIXED-LENGTH DATA ELEMENTS--GENERAL INFORMATION
fixed length control field 161130b xxu||||| |||| 00| 0 eng d
010 ## - LIBRARY OF CONGRESS CONTROL NUMBER
LC control number B-078596
020 ## - INTERNATIONAL STANDARD BOOK NUMBER
Terms of availability 100.00
International Standard Book Number 9780001002647
035 ## - SYSTEM CONTROL NUMBER
System control number B-078596
037 ## - SOURCE OF ACQUISITION
Source of stock number/acquisition Cen Lib/Ret
040 ## - CATALOGING SOURCE
Original cataloging agency DPL
Language of cataloging EN
Transcribing agency TIT
082 ## - DEWEY DECIMAL CLASSIFICATION NUMBER
Classification number 920
Item number GRE
245 ## - TITLE STATEMENT
Title 100 great nineteenth century lives /
Statement of responsibility, etc edited by John Canning
246 ## - VARYING FORM OF TITLE
Title proper/short title One Hundred great nineteenth century lives
260 ## - PUBLICATION, DISTRIBUTION, ETC. (IMPRINT)
Place of publication, distribution, etc Calcutta
Name of publisher, distributor, etc Rupa & Company
Date of publication, distribution, etc 1992
270 ## - ADDRESS
Address 15, Bankim Chatterjee Street
City Calcutta
Postal code 700073
300 ## - PHYSICAL DESCRIPTION
Extent 601p.
Dimensions 20cm(Hb)
500 ## - GENERAL NOTE
General note Includes index
650 ## - SUBJECT ADDED ENTRY--TOPICAL TERM
Topical term or geographic name as entry element Biography
9 (RLIN) 7490
650 ## - SUBJECT ADDED ENTRY--TOPICAL TERM
Topical term or geographic name as entry element Statesmen
9 (RLIN) 8466
700 ## - ADDED ENTRY--PERSONAL NAME
Personal name Canning, John
9 (RLIN) 30232
942 ## - ADDED ENTRY ELEMENTS (KOHA)
Source of classification or shelving scheme Dewey Decimal Classification
Koha item type English Books
Classification part 920
Call number suffix GRE
Holdings
Withdrawn status Lost status Source of classification or shelving scheme Damaged status Not for loan Collection code Home library Current library Date acquired Total Checkouts Full call number Barcode Date last seen Price effective from Koha item type
    Dewey Decimal Classification     Non-fiction Qila Rai Pithora Qila Rai Pithora 10/06/2019   920 GRE B-078596 10/06/2019 10/06/2019 English Books

© Delhi Public Library
Hit Counter
free hit counter